000 00448nam a2200157Ia 4500
008 240729s9999 xx 000 0 und d
022 _a2773-5664
245 0 _aJournal of Pharmacy
260 _aMalaysia
260 _bIIUM Press, International Islamic University Malaysia
650 _a Pharmacy and materia medica
650 _aMedicine
856 _uhttps://doaj.org/toc/ea56ebd566c34b59929411288e7199dc
942 _2ddc
942 _cDOAJEJ
999 _c69843
_d69843
945 _a1
_bMadushi Gamage
_c1
_dMadushi Gamage